Ground-water withdrawals, water-level changes, land-surface subsidence, and ground-water quality in Fort Bend County, Texas, 1969-87 /

Bibliographic Details
Main Author: Locke, Glenn L. (Author)
Corporate Author: Fort Bend County (Tex.)
Format: Government Document eBook
Language:English
Published: Austin, Texas : Department of the Interior, U.S. Geological Survey, 1990.
Series:Water-resources investigations report ; 90-4012.
Subjects:
Online Access:https://purl.fdlp.gov/GPO/gpo195126

MARC

Tag First Indicator Second Indicator Subfields
LEADER 00000nam a2200000 i 4500
001 in00004724521
006 m o d f
007 cr b|||||||abp
007 cr |||||||||||
008 101113s1990 txuab ob f000 0 eng c
005 20230615205821.5
019 |a 622348179  |a 667883546  |a 966434879  |a 1153330586 
035 |a (OCoLC)ocn681285230 
040 |a OCLCE  |b eng  |e rda  |e pn  |c OCLCE  |d OCLCQ  |d OCLCF  |d OCLCO  |d OCLCQ  |d COP  |d OCLCQ  |d GPO  |d MvI 
042 |a pcc 
043 |a n-us-tx 
049 |a WWW 
074 |a 0624-B-05 (online) 
086 0 |a I 19.42/4:90-4012 
100 1 |a Locke, Glenn L.,  |0 https://id.loc.gov/authorities/names/no2001087559  |e author. 
245 1 0 |a Ground-water withdrawals, water-level changes, land-surface subsidence, and ground-water quality in Fort Bend County, Texas, 1969-87 /  |c by Glenn L. Locke ; prepared in cooperation with Fort Bend County. 
264 1 |a Austin, Texas :  |b Department of the Interior, U.S. Geological Survey,  |c 1990. 
300 |a 1 online resource (v, 155 pages) :  |b illustrations, maps. 
336 |a text  |b txt  |2 rdacontent 
337 |a computer  |b c  |2 rdamedia 
338 |a online resource  |b cr  |2 rdacarrier 
490 1 |a U.S. Geological Survey water-resources investigations report ;  |v 90-4012 
504 |a Includes bibliographical references (pages 37-39). 
500 |a GPO Cataloging Record Distribution Program (CRDP). 
588 |a Description based on online resource, title from PDF cover (USGS, viewed on April 11, 2023). 
650 0 |a Groundwater  |z Texas  |z Fort Bend County. 
650 0 |a Water quality  |z Texas  |z Fort Bend County. 
650 0 |a Subsidences (Earth movements)  |z Texas  |z Fort Bend County. 
650 7 |a Groundwater.  |2 fast  |0 (OCoLC)fst00948209 
650 7 |a Subsidences (Earth movements)  |2 fast  |0 (OCoLC)fst01136712 
650 7 |a Water quality.  |2 fast  |0 (OCoLC)fst01171832 
651 7 |a Texas  |z Fort Bend County.  |2 fast  |0 (OCoLC)fst01208055 
710 1 |a Fort Bend County (Tex.)  |0 https://id.loc.gov/authorities/names/n80030658 
710 2 |a Geological Survey (U.S.),  |0 https://id.loc.gov/authorities/names/n80092173  |e issuing body. 
776 0 8 |i Print version:  |a Locke, Glenn L  |t Ground-water withdrawals, water-level changes, land-surface subsidence, and ground-water quality in Fort Bend County, Texas, 1969-87  |w (OCoLC)22268727 
830 0 |a Water-resources investigations report ;  |0 https://id.loc.gov/authorities/names/n84746268  |v 90-4012. 
856 4 0 |u https://purl.fdlp.gov/GPO/gpo195126  |t 0 
999 f f |s 51e3da05-ab56-4e09-956a-92ab20236f91  |i 27162cd0-615f-4afc-bd6c-670865fc4e8e  |t 0 
952 f f |a Texas A&M University  |b College Station  |c Electronic Resources  |d Available Online  |t 0  |e I 19.42/4:90-4012  |h Superintendent of Documents classification 
998 f f |a I 19.42/4:90-4012  |t 0  |l Available Online